000 02716cam a22005417i 4500
999 _c41376
_d41376
001 18820440
003 OSt
005 20211125104938.0
008 151016s2011 enkad b 001 0 eng d
010 _a 2015458473
016 7 _a015748546
_2Uk
016 7 _a101562666
_2DNLM
020 _a9780853697114 (set)
020 _a0853697116 (set)
035 _a(OCoLC)ocn699762360
040 _aBTCTA
_beng
_cBTCTA
_dYDXCP
_dNLE
_dCDX
_dIUP
_dNLM
_dNJR
_dUKMGB
_dOCLCF
_dOCLCQ
_dDLC
042 _alccopycat
050 0 0 _aRA1221
_b.C55 2011
060 0 0 _aQV 25
_bC612 2011
082 0 4 _a615.1901
_222
_bCLA/A
245 0 0 _aClarke's analysis of drugs and poisons :
_bin pharmaceuticals, body fluids and postmortem material /
_cconsulting editors, Anthony C. Moffat, M. David Osselton, Brian Widdop ; executive development editor, Jo Watts.
246 3 0 _aAnalysis of drugs and poisons
250 _aFourth edition.
260 _aLondon ;
_aChicago :
_bPharmaceutical Press,
_c2011.
300 _a2 volumes :
_billustrations, charts ;
_c29 cm
336 _atext
_btxt
_2rdacontent
337 _aunmediated
_bn
_2rdamedia
338 _avolume
_bnc
_2rdacarrier
504 _aIncludes bibliographical references and index.
520 _aClarke's Analysis of Drugs and Poisons is the definitive source of analytical data for drugs and poisons. This reference work has been completely revised and updated for the new edition, and comprises two volumes. Volume 1 has been greatly expanded from 31 to 44 chapters, providing extensive coverage of all methodology and analytical techniques. Of significant interest: Quality control and assessment - separated into two chapters to reflect the differing situations of the toxicology laboratory versus the pharmaceutical industry accreditation with ISO17025 becoming the international standard. --
_cSource other than Library of Congress.
650 0 _aAnalytical toxicology.
650 0 _aPharmaceutical chemistry.
650 0 _aDrugs
_xAnalysis.
650 0 _aPoisons
_xAnalysis.
650 1 2 _aPharmaceutical Preparations
_xanalysis.
650 2 2 _aPoisons
_xanalysis.
650 7 _aAnalytical toxicology.
_2fast
_0(OCoLC)fst00808354
650 7 _aDrugs
_xAnalysis.
_2fast
_0(OCoLC)fst00898769
650 7 _aPharmaceutical chemistry.
_2fast
_0(OCoLC)fst01060115
650 7 _aPoisons
_xAnalysis.
_2fast
_0(OCoLC)fst01068185
700 1 _aMoffat, Anthony C.
_98929
700 1 _aOsselton, M. David
_98930
700 1 _aWiddop, B.
_98931
700 1 _aWatts, Jo
_98932
906 _a7
_bcbc
_ccopycat
_d2
_encip
_f20
_gy-gencatlg
942 _2ddc
_cBK
_h615.1901
_iCLA/A
_k615.1901
_mCLA/A